| 000 | 00981nam a2200229Ia 4500 | ||
|---|---|---|---|
| 003 | IN-BaIIA | ||
| 008 | 211028s9999 xx 000 0 eng d | ||
| 020 | _a978-0-521-88989-6 | ||
| 040 | _cIIA Library | ||
| 080 |
_a082.2:52 _bIAU-S258 |
||
| 111 |
_aSymposium of the International Astronomical Union on the Ages of Stars _n258th _cBaltimore _d2008 Oct. 13-17 _933179 |
||
| 245 | 4 |
_aThe ages of Stars _bproceedings of the 258th Symposium of the IAU on the ages of Stars, held in Baltimore, Maryland, USA, October 13-17, 2008 _cedited by Eric E. Mamajek, David R. Soderblom, and Rosemary F.G. Wyse. |
|
| 260 |
_aCambridge _bCambridge University Press _c2009 |
||
| 300 | _a[various pagings.] | ||
| 650 |
_aStars-Age-Congresses _933180 |
||
| 650 |
_aStars-Evolution-Congresses _914449 |
||
| 650 |
_aWhite dwarfs-Congresses _933181 |
||
| 700 |
_aMamajek, Eric E., ed. _933182 |
||
| 700 |
_aSoderblom, David R., ed. _933183 |
||
| 700 |
_aWyse, Rosemary F. G., ed. _933184 |
||
| 942 | _cBK | ||
| 999 |
_c17554 _d17554 |
||